| 000 | 01481nam a2200301 i 4500 | ||
|---|---|---|---|
| 001 | 161295 | ||
| 003 | ES-MaACL | ||
| 005 | 20250921063036.0 | ||
| 008 | 041015q1892 sp |||| | spa d | ||
| 080 | _a821.134.2-14"18" | ||
| 100 | 1 |
_aPalau y Catalá, Melchor de, _d1843-1910 _9130794 |
|
| 245 | 1 | 0 |
_aPoesías y cantares / _cMelchor de Palau ; [con un prólogo de D. Manuel Cañete y juicios críticos de D. José Selgas y de D. B. Pérez Galdós]. |
| 260 |
_aBarcelona : _b[s.n.], _c[1892] ( _fImp. de J. Pons) |
||
| 300 |
_aXIII, 190 p. ; _c15 cm. |
||
| 490 | 1 |
_aBiblioteca del siglo XIX. Tesoro de autores ilustres de todas las épocas y naciones ; _v32 |
|
| 505 | 8 | _aContiene: Biografía de D. Melchor de Palau / por don Federico Rahola | |
| 530 | _aDisponible en formato digital. | ||
| 600 | 1 | 7 |
_aPalau y Catalá, Melchor de, _d1843-1910 _2 _9130794 |
| 700 | 1 |
_aCañete, Manuel, _d1822-1891 _934750 |
|
| 700 | 1 |
_aSelgas y Carrasco, José. _9132639 |
|
| 700 | 1 |
_aPérez Galdós, Benito, _d1843-1920 _990871 |
|
| 700 | 1 |
_aRahola y Trémols, Federico, _d1858-1919 _995016 |
|
| 830 | 1 | 0 |
_aBiblioteca del siglo XIX: tesoro de autores ilustres de todas las épocas y naciones _v32 _9222101 |
| 852 | 4 |
_aES-MaACL _jT-1148-F-2 _z- Enc. hol. conservando la cub. original _z- Enc. en un vol. facticio _z- Donativo del autor |
|
| 856 | 4 |
_uhttp://bdh-rd.bne.es/viewer.vm?id=0000095390&page=1 _zBiblioteca Digital Hispánica |
|
| 942 | _2udc | ||
| 999 |
_c161295 _d161295 |
||